[Event "GRE-ch South U14"]
[Site "Athens"]
[Date "2020.09.02"]
[Round "8"]
[White "Tsiripov, Christoforos"]
[Black "Proutsalis, Marios Alexandros"]
[Result "0-1"]
[WhiteElo "1003"]
[BlackElo "1509"]
[PlyCount "80"]
[EventDate "2020.08.28"]
[EventType "swiss"]
[EventRounds "9"]
[EventCountry "GRE"]
[SourceTitle "EXT 2023"]
[Source "ChessBase"]
[SourceDate "2022.10.05"]
[SourceVersion "1"]
[SourceVersionDate "2022.10.05"]
[SourceQuality "1"]

1. e4 c5 2. d3 Nc6 3. g3 d6 4. Bg2 Nf6 5. Nf3 e6 6. 0-0 Be7 7. Re1 Qc7 8. Bf4 0-0 9. Nbd2 e5 10. Bg5 Be6 11. Kh1 h6 12. Be3 Qd7 13. Ng1 Ng4 14. Qe2 Nxe3 15. Qxe3 Nb4 16. Rec1 Nxa2 17. Rf1 Nb4 18. Rac1 Nc6 19. h4 Rac8 20. f4 exf4 21. gxf4 f5 22. Qg3 Bf6 23. c3 Rce8 24. Rce1 b5 25. Qg6 Ne7 26. Qg3 Nc6 27. Qf3 Bxh4 28. Re2 fxe4 29. Nxe4 Bg4 30. Qe3 Bxe2 31. Qxe2 Bf6 32. Qf3 Ne7 33. Bh3 Qc7 34. Rf2 Kh8 35. Rg2 d5 36. Nxf6 Rxf6 37. f5 Ref8 38. b3 Nxf5 39. Bxf5 Rxf5 40. Qe2 Qf4 0-1